"Maga a keresés a filozófia a filozófiához vezető út." : Losoncz Alpár válasza

Elmentve itt :
Bibliográfiai részletek
További közreműködők: Losoncz Alpár
Dokumentumtípus: Cikk
Megjelent: 1996
Sorozat:Különbség 4 No. 7
Kulcsszavak:Filozófia - magyar - interjú
Tárgyszavak:
Online Access:http://acta.bibl.u-szeged.hu/8418
LEADER 00728nab a2200205 i 4500
001 acta8418
005 20251013104321.0
008 161015s1996 hu o 000 hun d
022 |a 1785-7821 
040 |a SZTE Egyetemi Kiadványok Repozitórium  |b hun 
041 |a hun 
245 0 0 |a "Maga a keresés a filozófia  |h [elektronikus dokumentum] :  |b a filozófiához vezető út." : Losoncz Alpár válasza 
260 |c 1996 
300 |a 6-7 
490 0 |a Különbség  |v 4 No. 7 
650 4 |a Bölcsészettudományok 
650 4 |a Filozófia, etika és vallástudományok 
695 |a Filozófia - magyar - interjú 
700 0 1 |a Losoncz Alpár 
856 4 0 |u http://acta.bibl.u-szeged.hu/8418/1/kulonbseg_1996_007_006-007.pdf  |z Dokumentum-elérés